000 006060000a22001930004500
001 768714001
003 CO-MdFUSB
005 20170610114308.0
008 170610s2005 cr ||||| |||| 00| 0 spa d
022 _a1659-0074
040 _aCO-MdFUSB
_cCO-MdFUSB
_dCO-MdFUSB
_bspa
041 _aspa
100 1 _aFuller, Cheri
_eautor
245 1 0 _aUna guía de oración para la mujer de hoy
300 _aVolumen 3. Número 3 (2005), Páginas 20-21
_c27 cm.
546 _aTexto en español
773 0 _tApuntes mujer líder
_049442
_960141
_gVolumen 3. Número 3 (2005), Páginas 20-21
_qPágina 20
942 _cANA
999 _c60877
_d60877